00555nam a2200169Ia 4500001001000000003000500010008004100015010001100056040000900067082002100076100002000097245006400117260000800181500012800189650005000317700001800367Para_3412CHAP220125s1915 xx 000 0 und d a202001 cCHAP aPA-C 595.752 B33 aBaker, Arthur C aThe brown grape aphid /c Arthur C. Baker and W. F. Turner a:b aSobretiro de: Science, N. S. 41 (1066): P. 384, 1915. Encuadernado con: Classification of the Aleyrodidae/ A. L. Quaintance aAfididos Macrosiphum viticola Vid x Plagas aTurner, W. F.